000 01686cam a22002418i 4500
001 22833605
003 OSt
005 20251126121530.0
008 221018s2023 flu b 001 0 eng
020 _a9789351611738
020 _a9789351611738
_q(pbk)
040 _aSEKU
050 0 0 _aQA276
_b.G8
100 1 _aGupta, S. C.,
_eauthor.
245 1 0 _aFundamentals of mathematical statistics /
_cS.C.Gupta.
250 _a12 th ed
264 1 _aDaryaganj, New Delhi :
_bSultan chand & sons,
_c2025.
300 _axviii,I-8pgS.
504 _aIncludes bibliographical references and index.
520 _a"Fundamentals of Mathematical Statistics is meant for a standard one-semester advanced undergraduate or graduate level course on Mathematical Statistics. It covers all the key topics - statistical models, linear normal models, exponential families, estimation, asymptotics of maximum likelihood, significance testing, and models for tables of counts. It assumes a good background in mathematical analysis, linear algebra, and probability, but includes an appendix with basic results from these areas. Throughout the text, there are numerous examples and graduated exercises that illustrate the topics covered, rendering the book suitable for teaching or self-study. Features a concise, yet rigorous introduction to a one-semester course on mathematical statistics. Thus, this textbook will be a perfect fit for an advanced course on mathematical statistics or statistical theory. The concise and lucid approach means it could also serve as a good alternative, or supplement, to existing texts"--
_cProvided by publisher.
650 0 _aMathematical statistics.
942 _2lcc
_cGEN
999 _c18686
_d18686